Kadınlar ve Sendikalar (Record no. 229)

MARC details
000 -BAŞLIK
Sabit Uzunlukta Kontrol Alanı 00777na a2200253 4500
001 - KONTROL NUMARASI
Denetim Alanı 20514
003 - KONTROL NUMARASI IDENTIFIER
Denetim Alanı MIRAKIL
005 - SON İŞLEM TARİHİ VE ZAMANI
Denetim Alanı 20181213154739.0
008 - SABİT-BOY VERİ ELEMANLARI - GENEL BİLGİLER
Sabit Uzunlukta Kontrol Alanı 170123b tu 000 0
040 ## - KATALOGLAMA KAYNAK
Orijinal Kataloglama Ajansı Milas
Kataloglama Dili tur
Metne Dönüştürmek Ajansı TR-AnCHP
041 ## - DİL KODU
Metin / Ses Parça Veya Ayrı Başlığın Dil Kodu tur
082 ## - DEWEY ONLU SINIFLANDIRMA NUMARASI
Sınıflandırma Numarası 331.88082
Ürün Numarası K22 2009
090 ## - SINIFLAMA NUMARASI
Sınıflama Numarası 331.88082 K22 2009
245 ## - BAŞLIK TABLOSU
Başlık Kadınlar ve Sendikalar
Sorumluluk Tablosu, Vb Hazırlayan Eylem Ateş; çeviri Hülya Karaosmanoğlu
260 ## - YAYIN, DAĞITIM, VB
Yayın, Dağıtım, Vb Yeri [y.y.]
Yayıncı, Dağıtıcı, Vs Adı Hava-İş/Kadın Kitaplığı
Yayın, Dağıtım, Vb Tarihi 2009
300 ## - FİZİKSEL TANIM
Kapsam 159 s.
Diğer Fiziksel Ayrıntıları tbl.
Boyutlar 24 sm.
504 ## - KAYNAKÇA VB NOT
Kaynakça Vb Notu Kaynakça var.
650 ## - KONU KATMA GİRİŞ - TOPİKAL DÖNEM
Topikal Süreli Veya Coğrafi Ad Giriş Elemanı Çalışma yaşamı
Genel Alt Bölümü Toplumsal cinsiyet
Kronolojik Alt Bölümü Kadınlar
650 ## - KONU KATMA GİRİŞ - TOPİKAL DÖNEM
Topikal Süreli Veya Coğrafi Ad Giriş Elemanı İşçi sendikaları
Genel Alt Bölümü Kadınlar
650 ## - KONU KATMA GİRİŞ - TOPİKAL DÖNEM
Topikal Süreli Veya Coğrafi Ad Giriş Elemanı Sendikalar
Genel Alt Bölümü Kadın işçiler
700 ## - KATMA GİRİŞ - KİŞİSEL İSİM
Kişisel Ad Karaosmanoğlu, Hülya
700 ## - KATMA GİRİŞ - KİŞİSEL İSİM
Kişisel Ad Ateş, Eylem
942 ## - EKLENDİ GİRİŞ ELEMANLARI (KOHA)
Sınıflandırma Veya Raf Düzeni Kaynak Dewey Decimal Classification
Koha Öğesi Türü Books
999 ## - SİSTEM KONTROL NUMARALARI (KOHA)
Koha Biblionumber 229
Koha Biblioitemnumber 229
Holdings
Kalıcı Konum Mevcut Konum Edinme Tarihi Edinim Kaynak Toplam Check-Out'Lar Tam Çağrı Numarası Barkod Tarih Son Görülme İtibaren Geçerli Fiyatlar Koha Öğesi Türü
CHP Kütüphanesi CHP Kütüphanesi 01/23/2017 Bağış   331.88082 K22 2009 012591 01/23/2017 01/23/2017 Books